000 01833cam a2200325 a 4500
999 _c8828
_d8828
001 43929867
003 OCoLC
005 20241126110659.0
008 000418s2000 cau b 001 0 eng
010 _a00009170
020 _a0787941719 (alk. paper)
020 _a9780787941710 (alk. paper)
040 _aDLC
_beng
_cDLC
_dLVB
_dIOJ
_dBAKER
_dNLGGC
_dBTCTA
_dYDXCP
_dZR1
_dOCLCF
050 0 0 _aBL42
_b.P37 2000
082 _a261.834242
_bPAR
100 1 _aParks, Sharon Daloz,
_d1942-
_915526
245 1 0 _aBig questions, worthy dreams :
_bmentoring young adults in their search for meaning, purpose, and faith /
_cSharon Daloz Parks.
246 3 0 _aMentoring young adults in their search for meaning, purpose, and faith
250 _a1st ed.
260 _aSan Francisco, Calif. :
_bJossey-Bass,
_cc2000.
300 _axiv, 261 p. ;
_c24 cm.
504 _aIncludes bibliographical references (p. 223-242) and indexes.
505 0 _aYoung adulthood in a changing world : promise and vulnerability -- Meaning and faith -- Becoming at home in the universe -- It matters how we think -- It all depends -- On belonging -- Imagination : the power of adult faith -- Gifts of a mentoring environment -- Mentoring communities. Higher education -- Professional education and the professions -- Workplace -- Travel --Natural environment -- Families -- Religious faith communities -- Culture as mentor.
520 _aUrges thoughtful adults to assume responsibility for providing strategic mentorship to twenty-somethings, and reveals the ways young adults are influenced not only by individual mentors but also by mentoring environments.
650 0 _aReligious education of young people.
_913104
650 0 _aYoung adults
_xReligious life.
_911646
650 0 _aFaith development.
_94562
650 0 _aMentoring.
_915529
942 _2ddc
_cBK